[Event "St Petersburg Rudenko Memorial (Women)"]
[Site "St Petersburg"]
[Date "2011.08.27"]
[Round "5"]
[White "Petrochenko, Maria"]
[Black "Sundukova, Ksenia"]
[Result "1/2-1/2"]
[WhiteElo "1491"]
[BlackElo "1755"]
[PlyCount "80"]
[EventDate "2011.08.23"]
[EventType "swiss"]
[EventRounds "9"]
[EventCountry "RUS"]
[SourceTitle "CBM 144 Extra"]
[Source "ChessBase"]
[SourceDate "2011.10.28"]
[SourceVersion "1"]
[SourceVersionDate "2011.10.28"]
[SourceQuality "1"]

1. d4 d5 2. c4 dxc4 3. e3 e6 4. Bxc4 Nf6 5. Nf3 Be7 6. 0-0 0-0 7. Nc3 Nbd7 8. Qe2 Nb6 9. Bb3 c5 10. Rd1 cxd4 11. Nxd4 Qc7 12. Bd2 a6 13. Rac1 Qd8 14. Be1 Qe8 15. Qc2 Bd7 16. Ne4 Rc8 17. Nxf6+ Bxf6 18. Qd2 Ba4 19. Bxa4 Qxa4 20. b3 Qe8 21. Qb4 Bxd4 22. Qxd4 Rxc1 23. Rxc1 Nd5 24. Bc3 Nxc3 25. Qxc3 h6 26. Qb4 Qd7 27. Qc5 b5 28. Qc6 Qd2 29. Qc2 Qa5 30. Rd1 Qb6 31. Qc3 Qb7 32. Qa5 Qc6 33. h3 Qc2 34. Rd8 Rxd8 35. Qxd8+ Kh7 36. Qa5 Qd1+ 37. Kh2 Qd6+ 38. Kg1 Qc6 39. Qd2 Qc7 40. Qb2 Qd6 1/2-1/2

[Event "St Petersburg Autumn op"]
[Site "St Petersburg"]
[Date "2010.10.21"]
[Round "6"]
[White "Sundukova, Ksenia"]
[Black "Dobronravina, Anna"]
[Result "1/2-1/2"]
[WhiteElo "1790"]
[BlackElo "1596"]
[PlyCount "133"]
[EventDate "2010.10.16"]
[EventType "swiss"]
[EventRounds "9"]
[EventCountry "RUS"]
[SourceTitle "EXT 2011"]
[Source "ChessBase"]
[SourceDate "2010.11.26"]
[SourceVersion "1"]
[SourceVersionDate "2010.11.26"]
[SourceQuality "1"]

1. e4 c5 2. Nf3 e6 3. d4 cxd4 4. Nxd4 Nc6 5. c3 a6 6. a4 Qc7 7. Nf3 Nf6 8. Bd3 Be7 9. 0-0 0-0 10. h3 d5 11. Qc2 dxe4 12. Bxe4 Nxe4 13. Qxe4 Rd8 14. Bf4 Bd6 15. Bxd6 Rxd6 16. Nbd2 b6 17. Nc4 Rd8 18. Ng5 g6 19. Qh4 h5 20. f4 Bb7 21. g4 Na5 22. Nxa5 bxa5 23. gxh5 Qc6 24. Nf3 Qc5+ 25. Kh2 gxh5 26. Rg1+ Kf8 27. Nd4 Qb6 28. b3 Rac8 29. Qg5 Bd5 30. Qh6+ Ke7 31. Nf5+ Kd7 32. Nd4 Rxc3 33. Qg7 Ke7 34. Qg5+ Kf8 35. Qg8+ Ke7 36. Qg5+ Kd7 37. Qg7 Kc8 38. Rac1 Qc7 39. Ne2 Rc6 40. Rxc6 Bxc6 41. Kg3 Rd3+ 42. Kh4 Qe7+ 43. Qg5 Qxg5+ 44. Rxg5 Rxb3 45. Rxa5 Kb7 46. Rxh5 Bf3 47. Nd4 Bxh5 48. Nxb3 Bd1 49. Nc5+ Kb6 50. Ne4 Bxa4 51. Nd6 f6 52. Ne4 f5 53. Nc3 Be8 54. Kg5 Kc7 55. h4 Kd6 56. h5 Bxh5 57. Kxh5 e5 58. Kg5 Ke6 59. Ne2 a5 60. Ng3 exf4 61. Kxf4 Kd5 62. Nxf5 Kc4 63. Ke4 a4 64. Ne3+ Kb3 65. Kd3 a3 66. Nc2 a2 67. Na1+ 1/2-1/2

[Event "St Petersburg Autumn op"]
[Site "St Petersburg"]
[Date "2010.10.17"]
[Round "2"]
[White "Sundukova, Ksenia"]
[Black "Dmitrieva, Tatiana"]
[Result "0-1"]
[WhiteElo "1790"]
[BlackElo "2063"]
[PlyCount "110"]
[EventDate "2010.10.16"]
[EventType "swiss"]
[EventRounds "9"]
[EventCountry "RUS"]
[SourceTitle "EXT 2011"]
[Source "ChessBase"]
[SourceDate "2010.11.26"]
[SourceVersion "1"]
[SourceVersionDate "2010.11.26"]
[SourceQuality "1"]

1. e4 c5 2. Nf3 Nc6 3. d4 cxd4 4. Nxd4 Nf6 5. Nxc6 dxc6 6. Qxd8+ Kxd8 7. Bd3 e5 8. 0-0 Bc5 9. Bg5 Kc7 10. Bxf6 gxf6 11. Nd2 Rg8 12. Kh1 Be6 13. Nb3 Bb6 14. f4 Rg4 15. f5 Bxb3 16. axb3 Rag8 17. g3 h5 18. Be2 R4g5 19. Bf3 Rh8 20. Rad1 h4 21. g4 Rgg8 22. Rd2 Rd8 23. Rxd8 Rxd8 24. Rd1 Rxd1+ 25. Bxd1 Be3 26. Kg2 Kd6 27. Be2 b5 28. Kh3 Bg5 29. b4 a6 30. Bd3 Ke7 31. Be2 Kf8 32. Bd3 Kg7 33. c4 Kh6 34. cxb5 cxb5 35. Bc2 Bc1 36. Kxh4 Bxb2 37. Bb3 Bc3 38. Bxf7 Bxb4 39. Bd5 Be1+ 40. Kh3 Kg5 41. Bb7 a5 42. Bc6 b4 43. Ba4 Kf4 44. Bc2 Kf3 45. Bd1+ Kxe4 46. g5 Kxf5 47. gxf6 Kxf6 48. Kg4 Ke6 49. Bb3+ Kd6 50. Kf5 Kc5 51. Kxe5 Kb5 52. Kd4 a4 53. Bd1 b3 54. h4 Kb4 55. Kd3 a3 0-1

[Event "St Petersburg Autumn op"]
[Site "St Petersburg"]
[Date "2010.10.16"]
[Round "1"]
[White "Koshkarov, Ivan"]
[Black "Sundukova, Ksenia"]
[Result "1/2-1/2"]
[WhiteElo "2104"]
[BlackElo "1790"]
[PlyCount "131"]
[EventDate "2010.10.16"]
[EventType "swiss"]
[EventRounds "9"]
[EventCountry "RUS"]
[SourceTitle "EXT 2011"]
[Source "ChessBase"]
[SourceDate "2010.11.26"]
[SourceVersion "1"]
[SourceVersionDate "2010.11.26"]
[SourceQuality "1"]

1. e4 e5 2. Nf3 Nc6 3. Bc4 Be7 4. 0-0 Nf6 5. d3 0-0 6. c3 d6 7. Bb3 Bg4 8. Re1 Qd7 9. Nbd2 h6 10. h3 Be6 11. Bc2 Nh7 12. d4 exd4 13. cxd4 d5 14. e5 Ng5 15. Nxg5 Bxg5 16. Nf3 Bxc1 17. Rxc1 Nb4 18. Bb1 Bf5 19. a3 Bxb1 20. Rxb1 Nc6 21. b4 a6 22. Qd3 Ne7 23. Rbc1 c6 24. Nd2 Qf5 25. Qxf5 Nxf5 26. Nb3 Rab8 27. f4 h5 28. g4 hxg4 29. hxg4 Nh6 30. g5 Nf5 31. Kf2 g6 32. Rh1 Kg7 33. Rh3 Rh8 34. Rch1 Rxh3 35. Rxh3 b6 36. Kg2 a5 37. bxa5 bxa5 38. Nxa5 Nxd4 39. Rc3 Ra8 40. Nb7 Rb8 41. Nd6 Ne2 42. Rxc6 Nxf4+ 43. Kf3 Ne6 44. Kg4 Ra8 45. Rc3 Ra4+ 46. Kg3 Nxg5 47. Rd3 Ne4+ 48. Nxe4 Rxe4 49. Rxd5 Re3+ 50. Kf4 Rxa3 51. Rd6 Ra4+ 52. Kf3 Kf8 53. e6 Ke7 54. exf7 Kxf7 55. Rd3 Rh4 56. Kg3 Ra4 57. Rc3 Kg7 58. Rb3 Kh6 59. Rc3 Kh5 60. Rb3 g5 61. Rc3 Rg4+ 62. Kh3 Rf4 63. Kg3 Rf5 64. Rb3 g4 65. Rb8 Rf3+ 66. Kg2 1/2-1/2

[Event "St Petersburg Rudenko Memorial (Women)"]
[Site "St Petersburg"]
[Date "2009.08.28"]
[Round "3"]
[White "Belenkaya, Dina"]
[Black "Sundukova, Ksenia"]
[Result "1-0"]
[WhiteElo "2028"]
[BlackElo "1845"]
[PlyCount "135"]
[EventDate "2009.08.24"]
[EventType "swiss"]
[EventRounds "9"]
[EventCountry "RUS"]
[SourceTitle "CBM 132 Extra"]
[Source "ChessBase"]
[SourceDate "2009.11.03"]
[SourceVersion "1"]
[SourceVersionDate "2009.11.03"]
[SourceQuality "1"]

1. e4 e5 2. Nf3 Nc6 3. Nc3 Nf6 4. d4 exd4 5. Nxd4 Bb4 6. Nxc6 bxc6 7. Bd3 d5 8. exd5 cxd5 9. 0-0 Bxc3 10. bxc3 0-0 11. Bg5 h6 12. Bh4 Qd6 13. Bg3 Qc6 14. Qf3 Bg4 15. Qf4 Qxc3 16. Qxc7 Qxc7 17. Bxc7 Rac8 18. Bf4 Rfe8 19. f3 Be6 20. Rfb1 g5 21. Be3 Re7 22. Bd4 Ne8 23. Rb4 Nd6 24. Rab1 Bf5 25. Rb8 Re1+ 26. Rxe1 Rxb8 27. Re5 Bxd3 28. cxd3 Nb5 29. Bc5 d4 30. a4 Nc3 31. Bxa7 Rb1+ 32. Kf2 Nxa4 33. Bxd4 Rb4 34. Ke3 Nb2 35. Re8+ Kh7 36. Rd8 Rb3 37. Bf6 Kg6 38. Be7 Nc4+ 39. Kd4 Nb2 40. Rd6+ Kh7 41. Ke4 f5+ 42. Kxf5 Rxd3 43. Rxd3 Nxd3 44. g3 Ne1 45. Ke4 Kg6 46. Bb4 Nc2 47. Bc5 Na1 48. Kd3 Nb3 49. Bb6 Nc1+ 50. Kd2 Nb3+ 51. Kc2 Na1+ 52. Kb2 Kf5 53. Kxa1 h5 54. Kb2 h4 55. Kc3 g4 56. fxg4+ Kxg4 57. Bc7 hxg3 58. hxg3 Kf5 59. Kd4 Kg5 60. Ke4 Kg6 61. Kf4 Kf6 62. g4 Kg6 63. Be5 Kf7 64. Kf5 Kf8 65. Kf6 Kg8 66. g5 Kf8 67. g6 Kg8 68. g7 1-0

[Event "St Petersburg March op"]
[Site "St Petersburg"]
[Date "2009.04.09"]
[Round "9"]
[White "Sundukova, Ksenia"]
[Black "Alekseev, Andrey"]
[Result "1/2-1/2"]
[WhiteElo "1845"]
[BlackElo "2340"]
[PlyCount "61"]
[EventDate "2009.03.30"]
[EventType "swiss"]
[EventRounds "9"]
[EventCountry "RUS"]
[SourceTitle "EXT 2012"]
[Source "ChessBase"]
[SourceDate "2011.11.24"]
[SourceVersion "1"]
[SourceVersionDate "2011.11.24"]
[SourceQuality "1"]

1. e4 e6 2. d4 d5 3. Nc3 Nf6 4. e5 Nfd7 5. Nf3 c5 6. Bb5 a6 7. Bxd7+ Nxd7 8. 0-0 Be7 9. Be3 0-0 10. Qd2 Qc7 11. Na4 cxd4 12. Bxd4 b5 13. Qc3 Qxc3 14. Nxc3 f6 15. Rae1 fxe5 16. Nxe5 Nxe5 17. Bxe5 Bf6 18. Bxf6 gxf6 19. f4 Ra7 20. f5 b4 21. Ne2 e5 22. Rd1 Rc7 23. c3 bxc3 24. Nxc3 d4 25. Ne4 Bb7 26. Ng3 Rc2 27. Rf2 Rfc8 28. Rdd2 Rc1+ 29. Rf1 R1c2 30. Rff2 Rc1+ 31. Rf1 1/2-1/2

[Event "St Petersburg Autumn op"]
[Site "St Petersburg"]
[Date "2009.??.??"]
[Round "6"]
[White "Dodonov, Vladimir"]
[Black "Sundukova, Ksenia"]
[Result "1-0"]
[WhiteElo "1960"]
[BlackElo "1845"]
[PlyCount "115"]
[EventDate "2009.10.??"]
[EventType "swiss"]
[EventRounds "9"]
[EventCountry "RUS"]
[SourceTitle "EXT 2011"]
[Source "ChessBase"]
[SourceDate "2010.11.26"]
[SourceVersion "1"]
[SourceVersionDate "2010.11.26"]
[SourceQuality "1"]

1. e4 d6 2. c4 Nf6 3. Nc3 c5 4. Nf3 Nc6 5. d4 cxd4 6. Nxd4 g6 7. Be2 Bg7 8. 0-0 0-0 9. Nc2 a6 10. Ne3 Bd7 11. Ned5 Rc8 12. Be3 Be6 13. Qd2 Bxd5 14. exd5 Ne5 15. b3 Ned7 16. Bh6 Nc5 17. Bxg7 Kxg7 18. Rad1 Nce4 19. Nxe4 Nxe4 20. Qd4+ Nf6 21. g4 Kg8 22. g5 Ne8 23. Bg4 Rb8 24. f4 Qc7 25. Qe4 f5 26. gxf6 exf6 27. Be6+ Kh8 28. f5 g5 29. h4 gxh4 30. Rf4 Ng7 31. Rxh4 Nxe6 32. fxe6 f5 33. Qd4+ Qg7+ 34. Kf2 Rf6 35. Rg1 Rg6 36. Qxg7+ Rxg7 37. Rxg7 Kxg7 38. Kf3 b6 39. Kf4 Kg6 40. Rh3 h6 41. Re3 Kf6 42. e7 Re8 43. Re6+ Kf7 44. Rxd6 Kxe7 45. Re6+ Kd7 46. Rxe8 Kxe8 47. Kxf5 Kd7 48. Kg6 Kd6 49. Kxh6 b5 50. Kg5 bxc4 51. bxc4 Kc5 52. Kf5 a5 53. Ke6 Kxc4 54. d6 a4 55. d7 Kb4 56. d8Q Ka3 57. Qd4 Kxa2 58. Qxa4+ 1-0

[Event "St Petersburg Autumn op"]
[Site "St Petersburg"]
[Date "2009.??.??"]
[Round "7"]
[White "Gavrikov, Viktor1111"]
[Black "Sundukova, Ksenia"]
[Result "0-1"]
[WhiteElo "1675"]
[BlackElo "1845"]
[PlyCount "96"]
[EventDate "2009.10.??"]
[EventType "swiss"]
[EventRounds "9"]
[EventCountry "RUS"]
[SourceTitle "EXT 2011"]
[Source "ChessBase"]
[SourceDate "2010.11.26"]
[SourceVersion "1"]
[SourceVersionDate "2010.11.26"]
[SourceQuality "1"]

1. Nf3 d5 2. g3 Nf6 3. c4 dxc4 4. Na3 c6 5. Nxc4 Nbd7 6. Bg2 g6 7. 0-0 Bg7 8. Qc2 0-0 9. d3 Nb6 10. Rd1 Nxc4 11. Qxc4 Qb6 12. Rb1 Be6 13. Qa4 Nd5 14. e4 Nc3 15. bxc3 Qxb1 16. Bg5 Qxa2 17. Qxa2 Bxa2 18. Bxe7 Rfe8 19. Bb4 a5 20. Ba3 Bxc3 21. Rc1 Bg7 22. Bc5 Be6 23. Rb1 b5 24. d4 a4 25. Ng5 a3 26. Nxe6 fxe6 27. e5 Rec8 28. Be4 Bf8 29. Bb6 a2 30. Ra1 Bb4 31. Bc2 Bc3 32. Rxa2 Rxa2 33. Bb3 Ra1+ 34. Kg2 Kf7 35. Bc5 Bxd4 36. Bxd4 Ra3 37. Bc2 c5 38. Be3 c4 39. h4 b4 40. Be4 c3 41. Bb7 Rc7 42. Be4 c2 43. Bc1 Ra1 44. Bb2 c1Q 45. Bxc1 Raxc1 46. Kh3 b3 47. f3 b2 48. Bxg6+ hxg6 0-1